I Think He Knows lyrics - Statistics

General Stats
  • This quiz has been taken 152 times
  • The average score is 315 of 374
Answer Stats
Lyrics % Correct
he
100%
He
100%
I
100%
know
100%
think
100%
a
97%
knows
97%
that
94%
that,
94%
the
94%
Go
92%
go?
92%
it
92%
an
91%
got
91%
Got
91%
me
91%
me,
91%
my
91%
like
89%
Like,
89%
on
89%
when
89%
his
88%
in
88%
And
85%
and
85%
heartbeat
85%
I'm
85%
it's
85%
It's
85%
No
85%
so
85%
So
85%
to
85%
want
85%
where
85%
Where
85%
you,
85%
avenue
83%
boy
83%
Boy
83%
man
83%
skipping
83%
under
83%
understand
83%
16th
82%
down
82%
He's
82%
him,
82%
one
82%
see
82%
Wanna
82%
we
82%
We
82%
am
80%
can
80%
plans
80%
drawing
79%
up
79%
around
77%
around,
77%
at
77%
boyish
77%
every
77%
look
77%
mine
77%
obsessed
77%
oh!
77%
what's
77%
with
77%
can't
76%
hand
76%
I'll
76%
make
76%
night
76%
nobody
76%
sidewalk
76%
there
76%
understands
76%
16th
74%
attitude
74%
mean
74%
seventeen,
74%
tell
74%
architect,
73%
body
73%
good
73%
never
73%
soul
73%
ain't
71%
'cause
71%
gotta
71%
lead
71%
stop
71%
all
70%
footprints
70%
gonna
70%
ones
70%
whisper
70%
won't
68%
better
67%
dark
67%
drive
67%
lock
67%
smile,
67%
stick
67%
wait
67%
eyes,
65%
stay
65%
alone,
64%
hands
64%
home
64%
indigo
64%
get
62%
he'll
62%
cold
61%
glass
61%
sparks,
61%
bless
59%
follow
59%
Lyrical
59%
myself
59%
or
56%
thigh
56%
makes
50%
No matching quizzes found
Score Distribution
Percent of People with Each Score
Percentile by Number Answered
Your Score History
You have not taken this quiz